000 00952nam a2200337 a 4500
003 AR-BaBNM
005 20251128205956.0
008 082120s2002 ||||||||||||||000 | spa||
020 _a84-7432-509-9
040 _cAR-BaBNM
100 1 _aChartier, Roger
245 0 0 _aEspacio público, crítica y descralización en el siglo XVIII
_blos orígenes culturales de la revolución francesa
260 _aBarcelona
_bGedisa
_c1995
300 _a263 p.
_bil., láms.
504 _aBibliografía para consultar p. 235-259
650 4 _aHISTORIA EUROPEA
650 4 _aREVOLUCION
650 4 _aMOVIMIENTOS REVOLUCIONARIOS
650 4 _aCIENCIAS POLITICAS
650 4 _aMOTIN
650 4 _aREVOLUCION
650 4 _aEJERCITOS
650 4 _aIGLESIA
650 4 _aIDEOLOGIAS
650 4 _aFILOSOFIA
650 4 _aHISTORIA DE LAS IDEAS
653 _aILUSTRACION
700 1 _aLonné, Beatriz
_etraductor
942 _cBK
998 _cMariana
999 _c13559
_d13559